[Event "GER-ch U12 Girls"]
[Site "Willingen"]
[Date "2022.06.08"]
[Round "5"]
[White "Fomenkova, Elina"]
[Black "Mader, Theresa"]
[Result "1/2-1/2"]
[WhiteElo "933"]
[BlackElo "1339"]
[PlyCount "95"]
[EventDate "2022.06.04"]
[EventType "swiss"]
[EventRounds "9"]
[EventCountry "GER"]
[SourceTitle "CBM 208 Extra"]
[Source "ChessBase"]
[SourceDate "2022.07.31"]
[SourceVersion "1"]
[SourceVersionDate "2022.07.31"]
[SourceQuality "1"]

1. e4 c6 2. Nc3 d5 3. Nf3 Bg4 4. d4 e6 5. Be2 Nd7 6. Bf4 Rc8 7. 0-0 c5 8. Ne5 Bxe2 9. Nxe2 Ngf6 10. f3 cxd4 11. Nxd4 Qb6 12. Kh1 Be7 13. Rb1 0-0 14. Ng4 dxe4 15. c3 exf3 16. Qxf3 Nxg4 17. Qxg4 e5 18. Qxd7 exd4 19. Qxe7 dxc3 20. bxc3 Qa5 21. Bd2 Qxa2 22. Bf4 Rxc3 23. Bd6 Rcc8 24. Rxb7 Qc4 25. Rbb1 a6 26. h3 a5 27. Rbc1 Qa6 28. Rfe1 Qb5 29. Rc5 Qa4 30. Re4 Qe8 31. Rxa5 Qxe7 32. Rxe7 Rfd8 33. Bc7 Rf8 34. Bf4 Rc4 35. Bd2 Rd4 36. Be3 Rd6 37. Rea7 Rdd8 38. Rb5 Rc8 39. Rab7 Rfe8 40. Bf4 h6 41. Bd2 Rc4 42. Rb4 Rxb4 43. Rxb4 Kh7 44. Bc3 f6 45. Rb7 Kg6 46. Rb4 Rc8 47. Bd2 Rc6 48. Rb7 1/2-1/2

[Event "GER-ch U12 Girls"]
[Site "Willingen"]
[Date "2022.06.06"]
[Round "3"]
[White "Fomenkova, Elina"]
[Black "Ignatova, Gabriela"]
[Result "0-1"]
[WhiteElo "933"]
[BlackElo "1170"]
[PlyCount "58"]
[EventDate "2022.06.04"]
[EventType "swiss"]
[EventRounds "9"]
[EventCountry "GER"]
[SourceTitle "CBM 208 Extra"]
[Source "ChessBase"]
[SourceDate "2022.07.31"]
[SourceVersion "1"]
[SourceVersionDate "2022.07.31"]
[SourceQuality "1"]

1. e4 c5 2. Nf3 Nc6 3. d4 cxd4 4. Nxd4 g6 5. Nxc6 bxc6 6. Bc4 Bg7 7. 0-0 e6 8. Re1 Nf6 9. Bg5 Qb6 10. Bxf6 Bxf6 11. Nc3 Qxb2 12. Ne2 Qb4 13. Bd3 Bxa1 14. Qxa1 0-0 15. Rb1 Qe7 16. Rb3 d5 17. c4 Ba6 18. cxd5 Bxd3 19. Rxd3 cxd5 20. Ng3 dxe4 21. Nxe4 Rfd8 22. Rf3 f5 23. Nf6+ Qxf6 24. Qb1 Qd4 25. h3 Rab8 26. Qc2 Rb2 27. Qc6 Qe5 28. a4 Rb1+ 29. Qc1 Rxc1# 0-1